[Event "sergiogvh-2"]
[Site "http://www.queenalice.com/game.php?id=1273030"]
[Date "2014.4.14"]
[Round "5"]
[White "plexus"]
[Black "AndyWo"]
[Result "1/2-1/2"]
[WhiteElo "2744"]
[BlackElo "2684"]

1. d4 Nf6 2. c4 e6 3. Nf3 d5 4. Nc3 c6 5. Bg5 h6 6. Bh4 dxc4 7. e4 g5 8. Bg3 b5
9. Be2 Bb7 10. Qc2 Nbd7 11. Rd1 Nh5 12. d5 Nxg3 13. hxg3 cxd5 14. exd5 exd5 15.
Nxd5 Bg7 16. Ne3 Qa5+ 17. Kf1 Rd8 18. Nf5 Kf8 19. b3 c3 20. a3 Qc7 21. Nxg7 Kxg7
22. Nd4 Nf6 23. Nf5+ Kg6 24. Nd6+ Kg7 25. Nf5+ Kg6 1/2-1/2

[Event "Sidinei"]
[Site "http://www.queenalice.com/game.php?id=1274937"]
[Date "2014.4.21"]
[Round "2"]
[White "AndyWo"]
[Black "kasker"]
[Result "1-0"]
[WhiteElo "2689"]
[BlackElo "2520"]

1. e4 c5 2. Nf3 d6 3. d4 cxd4 4. Nxd4 Nf6 5. Nc3 a6 6. Be3 e5 7. Nb3 Be6 8. f3
h5 9. Qd2 Nbd7 10. O-O-O Be7 11. Kb1 Rc8 12. h3 h4 13. f4 b5 14. Bd3 Qc7 15.
Rhe1 O-O 16. a3 Rb8 17. f5 Bxb3 18. cxb3 b4 19. axb4 Rxb4 20. Bc4 a5 21. g4 hxg3
22. Rg1 Rxc4 23. bxc4 Qxc4 24. Qd3 Qxd3+ 25. Rxd3 Nh5 26. Ne2 Re8 27. Nxg3 Nxg3
28. Rxg3 Nf6 29. Bb6 Nxe4 30. Rge3 Nf6 31. Bxa5 Kh7 32. Re1 e4 33. Rd2 d5 34.
Bc3 Rd8 35. Red1 Rb8 36. Rg2 Rb5 37. Kc2 Nh5 38. b4 Bf8 39. Kb3 Nf4 40. Rg4 Nd3
41. Rxd3 exd3 42. Rh4+ Kg8 43. Rd4 Be7 44. Ka4 Rb8 45. Rxd5 g6 46. f6 Bd8 47.
Rxd3 Ra8+ 48. Kb5 Kf8 49. Kc6 Bxf6 50. Bxf6 Ra6+ 51. Kc7 Rxf6 52. b5 Rf2 53. Ra3
Rc2+ 54. Kb7 g5 55. Ra5 Ke7 56. b6 Rh2 57. Ra3 f5 58. Ka8 Rb2 59. b7 1-0

[Event "kasker-2"]
[Site "http://www.queenalice.com/game.php?id=1294019"]
[Date "2014.7.11"]
[Round "5"]
[White "AndyWo"]
[Black "Cerberus"]
[Result "1/2-1/2"]
[WhiteElo "2689"]
[BlackElo "2736"]

1. e4 e5 2. Nf3 Nc6 3. Bc4 Nf6 4. d3 Be7 5. O-O O-O 6. Re1 d6 7. a4 Be6 8. Nbd2
Qd7 9. c3 h6 10. a5 Bxc4 11. Nxc4 b5 12. Ne3 Rfe8 13. Qb3 a6 14. Bd2 Nd8 15. Qd1
Bf8 16. Nh4 Ne6 17. Nd5 Nxd5 18. exd5 Nf4 19. Bxf4 exf4 20. Qb3 g5 21. Nf3 Qf5
22. Nd4 Qxd3 23. h3 Bg7 24. Qc2 Qc4 25. Nc6 Bf6 26. Nb4 Bg7 27. Nxa6 1/2-1/2

[Event "EUROAMERICA"]
[Site "http://www.queenalice.com/game.php?id=1300929"]
[Date "2014.8.11"]
[Round "1"]
[White "RenverKestak"]
[Black "AndyWo"]
[Result "1/2-1/2"]
[WhiteElo "2618"]
[BlackElo "2690"]

1. e4 c5 2. Nf3 Nc6 3. Bb5 g6 4. Nc3 Bg7 5. O-O Nf6 6. e5 Ng4 7. Bxc6 dxc6 8.
Re1 O-O 9. h3 Nh6 10. Ne4 b6 11. a4 c4 12. Qe2 Be6 13. Ra3 Qc7 14. a5 Rfd8 15.
g4 c5 16. axb6 axb6 17. Rxa8 Rxa8 18. Nc3 Qb7 19. Ng5 Bd5 20. d3 cxd3 21. Qxd3
Bc6 22. Nge4 Rf8 23. Bf4 Kh8 24. Ng5 Qc8 25. Qe3 Bb7 26. f3 Ng8 27. Nge4 h6 28.
Kg2 Rd8 29. Qe2 Qc7 30. Qc4 g5 31. Bg3 Bxe5 32. Qxf7 1/2-1/2

[Event "II Open de Gaia"]
[Site "http://www.queenalice.com/game.php?id=1304028"]
[Date "2014.8.25"]
[Round "4"]
[White "RenverKestak"]
[Black "AndyWo"]
[Result "0-1"]
[WhiteElo "2619"]
[BlackElo "2694"]

1. d4 Nf6 2. c4 e6 3. Nc3 Bb4 4. e3 O-O 5. Bd3 d5 6. cxd5 exd5 7. Ne2 Re8 8. O-O
Bd6 9. h3 c6 10. a3 Nbd7 11. f3 c5 12. Bc2 Nb6 13. b3 Bd7 14. a4 Rc8 15. Bd2 a6
16. dxc5 Bxc5 17. Nd4 Na8 18. Nce2 Nc7 19. b4 Ba7 20. Ra3 g6 21. Rd3 Qe7 22. Bb3
Na8 23. a5 Nc7 24. Nc3 Bc6 25. Kh1 Nh5 26. Nde2 Rcd8 27. Qc2 d4 28. exd4 Nb5 29.
Re3 Qxe3 30. Bxe3 Rxe3 31. Kh2 Bb8+ 32. Kg1 Nxc3 33. Nxc3 Ng3 34. Nd1 Re2 35.
Qc4 Re7 36. Nc3 Nxf1 37. Qxf1 Rxd4 38. Bc4 Be5 39. Kh1 Bd6 0-1

[Event "Sidinei"]
[Site "http://www.queenalice.com/game.php?id=1319802"]
[Date "2014.11.2"]
[Round "3"]
[White "Sidinei"]
[Black "AndyWo"]
[Result "1/2-1/2"]
[WhiteElo "2549"]
[BlackElo "2707"]

1. e4 c5 2. Nf3 Nc6 3. Bb5 g6 4. Bxc6 dxc6 5. h3 Bg7 6. d3 Nf6 7. Nc3 Nd7 8. Be3
e5 9. a4 a5 10. Qd2 Qe7 11. Bg5 f6 12. Be3 Nf8 13. Ne2 Ne6 14. O-O Nd4 15. Nh2
O-O 16. Rae1 b6 17. f4 Bh6 18. Rf2 Bd7 19. Ng3 exf4 20. Bxf4 Bxf4 21. Qxf4 b5
22. Qc1 Qd6 23. Ne2 Nxe2+ 24. Rexe2 Be6 25. Qe3 bxa4 26. Rxf6 Rxf6 27. e5 Rf1+
28. Kxf1 Qe7 29. c4 Rb8 30. g4 a3 31. bxa3 Rb3 32. Qe4 Rxa3 33. Nf3 a4 34. Rb2
Rb3 35. Rxb3 axb3 36. Qxc6 h5 37. Kf2 hxg4 38. hxg4 Bxg4 39. Qxg6+ Qg7 40. Qe8+
Kh7 41. Nd2 Qg5 42. Qf7+ Kh6 43. Qf8+ Kh7 44. Qf7+ Kh6 1/2-1/2

[Event "EUROAMERICA"]
[Site "http://www.queenalice.com/game.php?id=1326013"]
[Date "2014.12.4"]
[Round "2"]
[White "AndyWo"]
[Black "PhiVer"]
[Result "1/2-1/2"]
[WhiteElo "2703"]
[BlackElo "2693"]

1. e4 c5 2. Nf3 Nc6 3. d4 cxd4 4. Nxd4 Nf6 5. Nc3 e5 6. Ndb5 d6 7. Bg5 a6 8. Na3
b5 9. Nd5 Be7 10. Bxf6 Bxf6 11. c3 O-O 12. Nc2 Bg5 13. a4 bxa4 14. Rxa4 a5 15.
Bc4 Rb8 16. b3 Kh8 17. O-O f5 18. exf5 Bxf5 19. Nce3 Bg6 20. Qe2 e4 21. Ng4 Qd7
22. h3 Bd8 23. Ra2 h6 24. Qd1 Kh7 25. Ra4 Qe8 26. Re1 Qd7 27. Re2 h5 28. Nge3
Ne5 29. Rd2 Qf7 30. Bf1 Nd3 31. Bxd3 exd3 32. h4 Qe6 33. Nf4 Qxb3 34. Nxg6 Qxd1+
35. Nxd1 Kxg6 36. Rxd3 Rf6 37. Ra2 Rb5 38. c4 Rb4 39. c5 Bc7 40. cxd6 1/2-1/2

[Event "II Open de Gaia"]
[Site "http://www.queenalice.com/game.php?id=1335670"]
[Date "2015.1.19"]
[Round "5"]
[White "AndyWo"]
[Black "cro_kramnik"]
[Result "1/2-1/2"]
[WhiteElo "2704"]
[BlackElo "2619"]

1. e4 c5 2. Nf3 Nc6 3. d4 cxd4 4. Nxd4 Nf6 5. Nc3 e5 6. Ndb5 d6 7. Bg5 a6 8. Na3
b5 9. Nd5 Be7 10. Bxf6 Bxf6 11. c3 O-O 12. Nc2 Bg5 13. a4 bxa4 14. Rxa4 a5 15.
Bc4 Rb8 16. b3 Kh8 17. O-O f5 18. exf5 Bxf5 19. Nce3 Bg6 20. Qe2 e4 21. Rfa1 h5
22. Bb5 Ne5 23. Bc4 Bh4 24. Nd1 Ra8 25. N5e3 Nxc4 26. Qxc4 Bf6 27. Nd5 Be5 28.
Qe2 Rb8 29. R1a3 Kh7 30. N5e3 Rf7 31. Nc4 Bf6 32. Rxa5 d5 33. Nce3 Rd7 34. R5a4
d4 35. cxd4 Bxd4 36. Nf1 Bc5 37. Ra1 Rxb3 38. Ra8 Qf6 39. h3 Rbb7 40. R8a6 Qd4
41. Qe1 Rf7 42. R6a2 Bb4 43. Qe2 Qd3 44. Nde3 Rfd7 45. Rc2 Qxe2 46. Rxe2 Bc3 47.
Rc1 Rd3 48. Rec2 Bd4 49. Rc7 Rxc7 50. Rxc7 Be5 51. Rc5 Bf6 52. g3 Rc3 53. Rxc3
1/2-1/2

[Event "kasker-3"]
[Site "http://www.queenalice.com/game.php?id=1336451"]
[Date "2015.1.22"]
[Round "1"]
[White "pickles"]
[Black "AndyWo"]
[Result "0-1"]
[WhiteElo "2514"]
[BlackElo "2703"]

1. e4 c5 2. Nf3 Nc6 3. d4 cxd4 4. Nxd4 Nf6 5. Nc3 d6 6. Bg5 e6 7. Qd2 a6 8.
O-O-O Bd7 9. f4 b5 10. Bxf6 gxf6 11. Kb1 Qb6 12. Nxc6 Bxc6 13. Qe1 Be7 14. f5
Qc5 15. Bd3 b4 16. Ne2 e5 17. Ng3 a5 18. Qe2 d5 19. exd5 Bxd5 20. Be4 Bc6 21.
Rd3 Rc8 22. Bxc6+ Qxc6 23. Rhd1 a4 24. Ne4 O-O 25. c3 a3 26. b3 bxc3 27. Nxc3
Rfd8 28. Nd5 Bf8 29. Rc3 Qd6 30. Qc2 Rxc3 31. Nxc3 Qb8 32. Nd5 Rd6 33. g4 Kh8
34. h4 Qe8 35. Qc4 e4 36. Qd4 h5 37. g5 Bg7 38. Rg1 fxg5 39. f6 Bh6 40. hxg5 Qd7
41. Qa4 Rxd5 42. Qxd7 Rxd7 43. gxh6 Rd2 44. Re1 h4 45. Re3 Rb2+ 46. Kc1 Rxa2 47.
b4 Rh2 48. Rxa3 h3 49. b5 Rh1+ 50. Kc2 h2 0-1

[Event "good training "]
[Site "http://www.queenalice.com/game.php?id=1366631"]
[Date "2015.6.20"]
[Round "2"]
[White "krodo"]
[Black "AndyWo"]
[Result "1/2-1/2"]
[WhiteElo "2595"]
[BlackElo "2708"]

1. d4 Nf6 2. c4 e6 3. Nf3 d5 4. Nc3 c6 5. e3 Nbd7 6. Qc2 Bd6 7. Bd3 O-O 8. O-O
dxc4 9. Bxc4 b5 10. Be2 Bb7 11. Rd1 Qc7 12. e4 e5 13. g3 Rfe8 14. Bg5 exd4 15.
Nxd4 b4 16. Nf5 Bc5 17. Bxf6 Nxf6 18. Na4 Bf8 19. f3 c5 20. Bb5 Reb8 21. Bc4 Bc6
22. Bb3 Rd8 23. Ne3 g6 24. Qc4 Be8 25. Qa6 Qe7 26. Rac1 Rxd1+ 27. Rxd1 Rb8 28.
Qd3 Bb5 29. Nc4 Ne8 30. Qd5 Rc8 31. e5 Rc7 32. Qd8 Bxc4 33. Qxe7 Rxe7 34. Bxc4
Rxe5 35. Bf1 Nf6 36. Bc4 Re7 37. b3 Rd7 38. Rxd7 Nxd7 39. Kg2 Kg7 40. Bb5 Nb6
41. Kf2 Be7 42. Nxb6 axb6 43. f4 f5 44. Kf3 Bf6 45. h3 Bc3 46. g4 Kf6 47. Bd7
Be1 48. Bb5 Bh4 49. Bd7 Ke7 50. Bb5 Ke6 51. Bd3 h5 52. gxf5+ gxf5 53. Be2 Be1
54. h4 Bxh4 55. Ke3 b5 56. Bxh5 c4 57. bxc4 bxc4 58. Kd4 c3 59. Bd1 Bg3 60. Kc4
Bxf4 61. Kxb4 Be5 62. Kc4 Kd6 63. a3 f4 64. Kd3 Kd5 65. Bb3+ Kc6 66. Ke4 Kc5 67.
Bc2 Kc6 68. Bd3 f3 1/2-1/2

[Event "greggy-2"]
[Site "http://www.queenalice.com/game.php?id=1371359"]
[Date "2015.7.13"]
[Round "1"]
[White "Alsina"]
[Black "AndyWo"]
[Result "0-1"]
[WhiteElo "2574"]
[BlackElo "2706"]

1. d4 Nf6 2. c4 e6 3. Nc3 Bb4 4. Nf3 d5 5. e3 O-O 6. Bd3 c5 7. O-O Nc6 8. a3
Bxc3 9. bxc3 dxc4 10. Bxc4 Qc7 11. Bb5 Rd8 12. Bb2 Bd7 13. a4 Na5 14. Ba3 b6 15.
Ne5 Bc8 16. Qc2 Bb7 17. Bd3 Rac8 18. Qb1 Bd5 19. f3 h6 20. e4 Bb3 21. Ba6 Ra8
22. Qb2 Nd7 23. Nxd7 Rxd7 24. Bb5 Rdd8 25. Rfb1 Rdc8 26. Ba6 Rcb8 27. Bb5 a6 28.
Bd3 Bxa4 29. e5 Bb5 30. Bxb5 axb5 31. Qxb5 Nc6 32. Qc4 Rc8 33. Bb2 Rxa1 34. Rxa1
Ne7 35. Qb5 Qd8 36. Ra7 cxd4 37. cxd4 Nd5 38. Qa6 Qe8 39. Ba3 Qc6 40. h4 Qc3 41.
Kh2 Rc7 42. Rxc7 Qxc7 43. Qd3 Qc6 44. g4 b5 45. Kg3 b4 46. Bb2 g5 47. hxg5 hxg5
48. Kf2 Nf4 49. Qd1 Qb5 50. Ke3 Qc4 51. Ke4 Ng2 52. Qd2 Qd5+ 53. Kd3 Qb3+ 54.
Ke4 Nf4 55. d5 exd5+ 56. Kf5 Ne6 57. Kf6 Qxf3+ 58. Ke7 b3 59. Kd6 d4 60. Qc1 Qb7
61. Qd1 Qc7+ 0-1

[Event "EUROAMERICA"]
[Site "http://www.queenalice.com/game.php?id=1373787"]
[Date "2015.7.27"]
[Round "3"]
[White "fontaine"]
[Black "AndyWo"]
[Result "1/2-1/2"]
[WhiteElo "2668"]
[BlackElo "2707"]

1. d4 Nf6 2. c4 e6 3. Nf3 d5 4. Nc3 c6 5. Bg5 h6 6. Bh4 dxc4 7. e4 g5 8. Bg3 b5
9. Be2 Bb7 10. O-O Nbd7 11. d5 cxd5 12. exd5 Nxd5 13. Nxb5 a6 14. Nbd4 Bg7 15.
Bxc4 O-O 16. Qe2 N5b6 17. Bb3 Qf6 18. Bc2 Rfd8 19. Rfd1 Rac8 20. Qd3 Nc4 21.
Qh7+ Kf8 22. h4 Qe7 23. hxg5 hxg5 24. Qh2 Nc5 25. b3 Na3 26. Bh7 Nb5 27. Nxb5
Bxf3 1/2-1/2

[Event "Sidinei-2"]
[Site "http://www.queenalice.com/game.php?id=1388552"]
[Date "2015.10.10"]
[Round "1"]
[White "meguinho"]
[Black "AndyWo"]
[Result "1/2-1/2"]
[WhiteElo "2657"]
[BlackElo "2709"]

1. e4 c5 2. Nf3 Nc6 3. d4 cxd4 4. Nxd4 Nf6 5. Nc3 d6 6. Bg5 e6 7. Qd2 a6 8.
O-O-O Bd7 9. f4 b5 10. Bxf6 gxf6 11. Kb1 Qb6 12. Nce2 h5 13. Qd3 O-O-O 14. g3
Kb8 15. Bg2 h4 16. c3 b4 17. c4 Na5 18. g4 e5 19. Nf5 b3 20. axb3 Nxb3 21. Nc3
Bc6 22. Qe3 Nc5 23. Nd5 Bxd5 24. Rxd5 Rd7 25. Rc1 Rb7 26. Qa3 h3 27. Bf3 a5 28.
Rc2 a4 29. Rc3 Kc7 30. Ne3 exf4 31. Nf5 Qb4 32. Kc2 Qxa3 33. Rxa3 Rb3 34. Rxb3
axb3+ 35. Kc3 Kd7 36. Rd1 Be7 37. Ra1 Bd8 38. Ra7+ Bc7 39. Nd4 Rb8 40. Nb5 Rb7
41. Ra8 Rb6 42. Ra7 Rb7 43. Rxb7 Nxb7 44. Nxc7 Kxc7 45. Kxb3 Nd8 46. Kc3 Ne6 47.
Be2 Kd7 48. b4 Kd8 1/2-1/2

[Event "EUROAMERICA"]
[Site "http://www.queenalice.com/game.php?id=1399003"]
[Date "2015.12.15"]
[Round "4"]
[White "AndyWo"]
[Black "gbsalvio"]
[Result "1/2-1/2"]
[WhiteElo "2711"]
[BlackElo "2613"]

1. e4 e5 2. Nf3 Nc6 3. Bc4 Nf6 4. d3 Be7 5. O-O d6 6. c3 Na5 7. Bb5+ c6 8. Ba4
b5 9. Bc2 c5 10. d4 Qc7 11. h3 a6 12. Re1 Bd7 13. Bg5 O-O 14. Nbd2 h6 15. Bh4
Rfe8 16. Nf1 Nc4 17. b3 Na3 18. dxe5 dxe5 19. Qc1 Nxc2 20. Qxc2 c4 1/2-1/2

[Event "greggy-2"]
[Site "http://www.queenalice.com/game.php?id=1408203"]
[Date "2016.2.8"]
[Round "2"]
[White "AndyWo"]
[Black "Maniusiek"]
[Result "1-0"]
[WhiteElo "2708"]
[BlackElo "2616"]

1. e4 e5 2. Nf3 Nc6 3. Bc4 Nf6 4. d3 Bc5 5. c3 a6 6. Bb3 d6 7. O-O Ba7 8. Nbd2
O-O 9. h3 h6 10. Re1 Be6 11. Bxe6 fxe6 12. Nf1 Nh5 13. Qb3 Qe8 14. N1h2 Bb6 15.
a4 Qg6 16. Qc2 Nf4 17. Bxf4 Rxf4 18. b4 a5 19. b5 Nb8 20. Kh1 Nd7 21. Rad1 Raf8
22. Re2 Qh5 23. Rg1 g5 24. d4 g4 25. hxg4 Rxg4 26. Qd3 exd4 27. cxd4 1-0

[Event "Sidinei-2"]
[Site "http://www.queenalice.com/game.php?id=1425405"]
[Date "2016.5.30"]
[Round "2"]
[White "AndyWo"]
[Black "edsDr23"]
[Result "1/2-1/2"]
[WhiteElo "2714"]
[BlackElo "2535"]

1. e4 c5 2. Nf3 Nc6 3. d4 cxd4 4. Nxd4 Nf6 5. Nc3 g6 6. Nxc6 dxc6 7. Qxd8+ Kxd8
8. Bc4 Ke8 9. e5 Nd7 10. e6 fxe6 11. Bxe6 Bg7 12. Be3 Ne5 13. Bb3 Ng4 14. Bd2
Bd4 15. O-O Rf8 16. Nd1 a5 17. a4 Kd7 18. h3 Nf6 19. Re1 Nd5 20. Re2 Re8 21. Bh6
Kc7 22. Bxd5 cxd5 23. Rd2 e5 24. c3 Bc5 25. Rxd5 Kc6 26. Rd2 Be6 27. Bg5 Bb3 28.
Re2 Re6 29. Ne3 Rf8 30. Nf1 Bc4 31. Rd2 Bb3 32. Be3 Be7 33. Re2 Bc4 34. Ree1 Bd3
35. Nd2 b6 36. Nf3 Re8 37. Rac1 Kb7 38. Ng5 Bxg5 39. Bxg5 Bc4 40. Rcd1 Kc6 41.
Ra1 Rd6 42. b4 Rd3 43. Rec1 Ra8 44. Be3 Bb3 45. Kh2 Rc8 46. Re1 Rxc3 47. bxa5
bxa5 48. Ra3 Rd8 49. Bh6 Rd5 50. Bg7 Rdd3 51. Bxe5 Rc4 1/2-1/2

[Event "good training "]
[Site "http://www.queenalice.com/game.php?id=1436270"]
[Date "2016.8.14"]
[Round "3"]
[White "AndyWo"]
[Black "fontaine"]
[Result "1/2-1/2"]
[WhiteElo "2693"]
[BlackElo "2678"]

1. e4 c6 2. d4 d5 3. Nc3 dxe4 4. Nxe4 Nd7 5. Nf3 Ngf6 6. Nxf6+ Nxf6 7. h3 Bf5 8.
Bd3 Bxd3 9. Qxd3 e6 10. O-O Be7 11. c4 O-O 12. Bf4 Qb6 13. Rfe1 Rfd8 14. Qc2 Re8
15. c5 Qa6 16. Ng5 h6 17. Ne4 b6 18. Nd6 Bxd6 19. cxd6 Red8 20. Be5 Ne8 21. Qxc6
Rac8 22. Qf3 Qc4 23. b3 Qc6 24. Qg4 Qd5 25. Re3 Rd7 26. Rf3 f6 27. Re1 Rf7 28.
Qg6 b5 29. Rf4 b4 30. Rg4 fxe5 31. dxe5 a5 32. Qxh6 Rc2 33. f4 Qxg2+ 34. Rxg2
Rxg2+ 35. Kxg2 gxh6 36. Rc1 Rd7 37. Rc5 a4 38. bxa4 Nxd6 39. exd6 Rxd6 40. Rb5
Rd3 41. Rxb4 Ra3 42. h4 Kf7 43. Kf2 1/2-1/2

[Event "kasker-3"]
[Site "http://www.queenalice.com/game.php?id=1440478"]
[Date "2016.9.10"]
[Round "3"]
[White "edsDr23"]
[Black "AndyWo"]
[Result "1-0"]
[WhiteElo "2539"]
[BlackElo "2710"]

1. Nf3 Nf6 2. d4 g6 3. g3 Bg7 4. Bg2 O-O 5. O-O d6 6. c4 Nbd7 7. Nc3 e5 8. e3
Re8 9. Qc2 exd4 10. exd4 Nb6 11. b3 d5 12. c5 Bf5 13. Qb2 Nbd7 14. Bg5 Nf8 15.
Ne5 c6 16. g4 Be6 17. f4 h6 18. Bxf6 Qxf6 19. Qf2 Bxg4 20. Nxg4 Qxd4 21. Rac1
Ne6 22. Ne2 Qxf2+ 23. Nxf2 Nxc5 24. Bf3 Nd7 25. Rfd1 Re7 26. Nd3 Rae8 27. Kf2 a6
28. h3 Kh7 29. Rc2 f5 30. Kg2 a5 31. Kf2 Nf6 32. Nc5 Ne4+ 33. Kf1 h5 34. Nd4 Bh6
35. Nd3 Bg7 36. Nc5 Bh6 37. Nd3 1-0

[Event "greggy-2"]
[Site "http://www.queenalice.com/game.php?id=1467659"]
[Date "2017.3.6"]
[Round "4"]
[White "acid"]
[Black "AndyWo"]
[Result "1-0"]
[WhiteElo "2696"]
[BlackElo "2701"]

1. d4 Nf6 2. c4 e6 3. Nc3 Bb4 4. e3 O-O 5. Bd3 d5 6. Ne2 c5 7. cxd5 cxd4 8. exd4
Nxd5 9. O-O Nc6 10. a3 Bxc3 11. bxc3 b6 12. Re1 Bb7 13. c4 Nf6 14. Bb2 Kh8 15.
Bc3 Ne7 16. Nf4 Rc8 17. Rc1 Ng6 18. Nxg6+ hxg6 19. a4 Bc6 20. a5 bxa5 21. f3 Bb5
22. Qb3 Bd7 23. Re5 a4 24. Qa3 Bc6 25. Bc2 Nd7 26. Ra5 Nb6 27. Bd3 Qc7 28. Be1
Rfd8 29. Bg3 Qd7 30. Bf2 Kg8 31. Qb4 Re8 32. Qd2 Qd8 33. h4 Nd7 34. h5 gxh5 35.
Rxh5 Nf8 36. Bc2 f5 37. d5 Qd6 38. Bd4 e5 39. Bf2 Bd7 40. Bd3 Qg6 41. Rh3 e4 42.
fxe4 1-0

[Event "Sidinei-2"]
[Site "http://www.queenalice.com/game.php?id=1469866"]
[Date "2017.3.21"]
[Round "3"]
[White "greggy"]
[Black "AndyWo"]
[Result "1/2-1/2"]
[WhiteElo "2717"]
[BlackElo "2701"]

1. e4 c5 2. Nf3 Nc6 3. Bb5 g6 4. Bxc6 dxc6 5. O-O Bg7 6. d3 Nf6 7. Nc3 Bg4 8. a4
c4 9. h3 Bxf3 10. Qxf3 cxd3 11. Rd1 Qa5 12. Qxd3 O-O 13. Bd2 Qc7 14. Be3 Rfd8
15. Qc4 Rxd1+ 16. Rxd1 Ne8 17. Qb4 b6 18. f3 h5 19. Ne2 Rd8 20. Rxd8 Qxd8 21. b3
Nc7 22. Kf2 c5 23. Qd2 Ne6 24. Qd5 Qc8 25. Nf4 Nxf4 26. Bxf4 Bh8 27. Ke1 Bd4 28.
Kd2 Bg7 29. c3 Qa6 1/2-1/2

[Event "good training "]
[Site "http://www.queenalice.com/game.php?id=1508567"]
[Date "2017.12.19"]
[Round "4"]
[White "ClivetheBeard"]
[Black "AndyWo"]
[Result "1/2-1/2"]
[WhiteElo "2629"]
[BlackElo "2693"]

1. g3 d5 2. d4 Nf6 3. Nf3 e6 4. Bg2 Be7 5. O-O O-O 6. Bf4 Nbd7 7. Nc3 a6 8. Ne5
Nxe5 9. dxe5 Nd7 10. e4 c6 11. Re1 b5 12. a3 Bb7 13. Qg4 Re8 14. Rad1 Bc5 15. h4
Qc7 16. h5 Rac8 17. exd5 cxd5 18. Bh6 g6 19. Qf4 Bxa3 20. Nxb5 axb5 21. bxa3
Qxc2 22. Be4 Qa4 23. hxg6 fxg6 24. Qg5 Kh8 25. Bd3 Bc6 26. Bb1 Qxa3 27. Qf4 Kg8
1/2-1/2